| 000 | 01735 a2200505 4500 | ||
|---|---|---|---|
| 001 | 15470957 | ||
| 003 | 0000 | ||
| 005 | 20251016145226.0 | ||
| 008 | 081001s2008 enka b 001 0 eng | ||
| 010 | _a 2008277415 | ||
| 015 |
_2bnb _aGBA801824 |
||
| 016 | 7 |
_a101473956 _2DNLM |
|
| 016 | 7 |
_a014479808 _2Uk |
|
| 020 | _a9781009319768 | ||
| 035 | _a15470957 | ||
| 035 | _a(OCoLC)187293929 | ||
| 040 |
_aNLM _cNLM _dUKM _dBAKER _dBTCTA _dYDXCP _dBWKUK _dDLC _erda |
||
| 042 |
_aukblcatcopy _anlmcopyc _alccopycat |
||
| 050 | 0 | 0 |
_aRG 732 _b.O2645 2008 |
| 060 | 0 | 0 | _a2008 F-656 |
| 060 | 0 | 0 |
_aWO 450 _bO1405 2008 |
| 082 | 0 | 4 |
_a617.9682 _222 |
| 100 | _4Gambling, David R | ||
| 245 | 0 | 0 |
_aObstetric anesthesia and uncommon disorders / _cedited by David R. Gambling, M. Joanne Douglas, Robert S.F. McKay. |
| 250 | _a2nd ed. | ||
| 260 |
_aCambridge ; _aNew York : _bCambridge University Press, _c2025 |
||
| 264 |
_aCambridge ; _bNew York : _c2025 |
||
| 300 |
_axv, 480 Pages _bill. (some col.) ; _c28 cm. |
||
| 336 |
_atext _btxt _2rdacontent |
||
| 337 |
_aunmediated _bn _2rdamedia |
||
| 338 |
_avolume _bnc _2rdacarrier |
||
| 500 | _aPrevious ed.: Philadelphia, Pa.: Saunders, 1998. | ||
| 504 | _aIncludes bibliographical references and index. | ||
| 650 | 0 | _aAnesthesia in obstetrics. | |
| 650 | 0 |
_aPregnancy _xComplications. |
|
| 650 | 1 | 2 | _aAnesthesia, Obstetrical. |
| 650 | 2 | 2 | _aPregnancy Complications. |
| 700 | 1 | _aGambling, David R. | |
| 700 | 1 | _aDouglas, M. Joanne. | |
| 700 | 1 | _aMcKay, Robert S. F. | |
| 906 |
_a7 _bcbc _ccopycat _d2 _encip _f20 _gy-gencatlg |
||
| 942 |
_2lcc _cBK |
||
| 999 |
_c43845 _d43845 |
||